Democracia y garantismo

Sparad:
Bibliografiska uppgifter
Huvudupphovsman: Ferrajoli, Luigi (autor)
Materialtyp: Okänd
Språk:engelska
spanska
Publicerad: Madrid, España Trotta 2010
Upplaga:Segunda edición
Serie:Colección Estructura y Procesos. Serie Derecho
Ämnen:
Taggar: Lägg till en tagg
Inga taggar, Lägg till första taggen!

MARC

LEADER 00000 a2200000 4500
003 CL-VaPUC
005 20240606100351.0
008 200114b ||||| |||| 00| 0 eng d
999 |c 376045  |d 376043 
020 |a 9788498790054 
040 |c Pontificia Universidad Católica de Valparaíso 
041 0 |a spa 
082 |a 340.1 FER 2010 
100 |a Ferrajoli, Luigi   |e autor  |9 522506 
245 1 0 |a Democracia y garantismo  
250 |a Segunda edición 
260 3 |b Trotta  |c 2010  |a Madrid, España 
300 |a 373 p 
490 0 0 |a Colección Estructura y Procesos. Serie Derecho 
505 0 |a Primera parte. Democracia constitucional y derechos fundamentales. Segunda parte. Garantismo, Derecho Penal y jurisdicción. Tercera parte. Tres desarrollos del paradigma garantista. 
583 |k Hugo Gaete  |c 20200114 
650 0 0 |a GARANTISMO  |9 439479 
650 0 0 |a Derecho positivo  |9 255911 
650 0 0 |a Teoría del derecho  |9 255982 
942 |2 ddc  |c BK 
952 |0 0  |1 0  |2 ddc  |4 0  |6 340_100000000000000_FER_2010  |7 0  |9 495220  |a BIBDER  |b BIBDER  |d 2019-12-27  |e 36  |g 20791.00  |i 5568226  |o 340.1 FER 2010  |p 5568226  |r 2023-01-25  |t 1  |v 20791.00  |w 2019-12-27  |y BK  |k DER